Top 10 : ZKR - Statistiques

Statistiques générales
  • Ce quiz a été pris 27 fois
  • Le résultat moyen est 4 sur 10
Statistiques - réponses
Nombre de streams Titre % Correct
48M Freestyle 5min #8
86%
24M Freestyle 5 min #5
71%
20M Philly
64%
23M Romance criminelle
57%
28M Les gentils bandits
43%
13M Poursuite
36%
22M Tu vois comment
36%
15M Temps perdu
21%
14M Under Armour
14%
24M Même valeurs
7%
Aucun quiz correspondant
Distribution des résultats
% des personnes avec chaque résultat
Percentile par nombre de réponses
Votre historique - résultats
Vous n’avez pas pris ce quiz